[Event "Germany"]
[Site "?"]
[Date "2003.02.15"]
[Round "6.3"]
[White "Arning Norbert"]
[Black "Lutterbey Ralf"]
[Result "1/2-1/2"]
[WhiteElo "1944"]
[BlackElo "1863"]
[PlyCount "30"]
[EventDate "2003.??.??"]
[Source "www.chesslib.no"]
[SourceDate "2004.05.04"]

1. e4 d5 2. exd5 Qxd5 3. Nc3 Qa5 4. d4 e5 5. dxe5 Nc6 6. Bb5 Bb4 7. Bxc6+ bxc6 8. Bd2 Ne7 9. a3 Qxe5+ 10. Qe2 Bd6 11. Qxe5 Bxe5 12. Nf3 Bf6 13. O-O Rb8 14. Rfe1 O-O 15. b4 Bf5 1/2-1/2

[Event "Pologne (championnat clubs ligue 2)"]
[Site "?"]
[Date "2004.09.07"]
[Round "5.101"]
[White "Kaczmarek Piotr"]
[Black "Plicner Justyna"]
[Result "1/2-1/2"]
[WhiteElo "1951"]
[BlackElo "1800"]
[PlyCount "61"]
[EventDate "2004.??.??"]
[Source "www.chesslib.no"]
[SourceDate "2004.05.04"]

1. e4 d5 2. exd5 Qxd5 3. Nc3 Qa5 4. d4 e5 5. d5 Bb4 6. Bd2 c6 7. a3 Be7 8. Bc4 Nf6 9. Qe2 Qc7 10. dxc6 bxc6 11. Nf3 Nbd7 12. O-O O-O 13. h3 Bb7 14. Rfe1 Bd6 15. Ng5 Nd5 16. Nge4 Be7 17. Rad1 f5 18. Bg5 N7b6 19. Bxe7 Qxe7 20. Ng3 Nxc4 21. Qxc4 Kh8 22. Nce2 Qg5 23. Kh2 Rf6 24. Rg1 Rh6 25. Qd3 e4 26. Qd2 e3 27. fxe3 Nxe3 28. Qd7 Rb8 29. Rd6 Ng4+ 30. Kh1 Rh4 31. Qxf5 1/2-1/2

[Event "Corr"]
[Site "?"]
[Date "1998.??.??"]
[Round "?"]
[White "Freire Daniel J"]
[Black "Leoni Alessandro"]
[Result "1/2-1/2"]
[WhiteElo "1740"]
[BlackElo "1995"]
[PlyCount "126"]
[EventDate "1998.??.??"]
[Source "www.chesslib.no"]
[SourceDate "2004.05.04"]

1. e4 d5 2. exd5 Qxd5 3. Nc3 Qa5 4. d4 e5 5. Nf3 Bg4 6. h3 Bxf3 7. Qxf3 Bb4 8. dxe5 Nc6 9. Bd2 Qxe5+ 10. Be2 Nf6 11. O-O-O O-O-O 12. Bd3 Nd4 13. Qe3 Rhe8 14. Qxe5 Rxe5 15. Rhe1 Rde8 16. Rxe5 Rxe5 17. f3 Bxc3 18. Bxc3 Ne2+ 19. Kd2 Nxc3 20. Kxc3 c6 21. Kd4 Rd5+ 22. Ke3 Kc7 23. c4 Ra5 24. a3 Nd7 25. f4 h5 26. g3 h4 27. g4 c5 28. Re1 Ra6 29. Kd2 Kd8 30. Kc3 Rf6 31. f5 Rd6 32. Be4 b6 33. Bd5 f6 34. b3 Ne5 35. g5 a5 36. gxf6 gxf6 37. Rg1 Rd7 38. Rg8+ Kc7 39. Rh8 Rg7 40. Rxh4 Rg3+ 41. Kb2 Kd6 42. Rh7 Nd3+ 43. Kc2 Nf4 44. Rb7 Rxh3 45. Rxb6+ Ke5 46. Rb5 Kd4 47. b4 axb4 48. axb4 cxb4 49. Rxb4 Rh2+ 50. Kb3 Nxd5 51. cxd5+ Kxd5 52. Kc3 Ke5 53. Kd3 Kxf5 54. Ke3 Kg5 55. Kf3 Rh3+ 56. Kf2 f5 57. Ra4 Rh6 58. Kf3 Rd6 59. Ke3 Rb6 60. Kf3 Rb3+ 61. Kf2 f4 62. Ra8 Kg4 63. Rg8+ Kf5 1/2-1/2

[Event "FRA, Nationale II 2004/2005"]
[Site "?"]
[Date "2004.??.??"]
[Round "4.9"]
[White "Coste Thierry"]
[Black "Lapchin Sylvie"]
[Result "1-0"]
[WhiteElo "2137"]
[BlackElo "1570"]
[PlyCount "37"]
[EventDate "2004.??.??"]
[Source "www.chesslib.no"]
[SourceDate "2004.05.04"]

1. e4 d5 2. exd5 Qxd5 3. Nc3 Qa5 4. d4 e5 5. dxe5 Nc6 6. Qd5 Be6 7. Qxa5 Nxa5 8. Nf3 O-O-O 9. Bd3 f6 10. O-O fxe5 11. Ng5 Re8 12. Nxe6 g6 13. Nxf8 Rxf8 14. Be3 a6 15. a4 Nc6 16. b4 Nxb4 17. Bc5 Nxd3 18. Bxf8 Nb2 19. Bg7 1-0

[Event "Neumünster"]
[Site "?"]
[Date "1996.??.??"]
[Round "7"]
[White "Kluge Dennis"]
[Black "Schmeding Erol"]
[Result "0-1"]
[WhiteElo "1810"]
[BlackElo "1840"]
[PlyCount "38"]
[EventDate "1996.??.??"]
[Source "www.chesslib.no"]
[SourceDate "2004.05.04"]

1. e4 d5 2. exd5 Qxd5 3. Nc3 Qa5 4. d4 e5 5. Qe2 Nc6 6. dxe5 Bf5 7. Nf3 O-O-O 8. Qb5 Bb4 9. Qxa5 Bxa5 10. Bc4 Bxc2 11. O-O Bg6 12. Bg5 f6 13. exf6 gxf6 14. Bh4 Bh5 15. Be6+ Kb8 16. Nd5 Bxf3 17. gxf3 Nd4 18. Bxf6 Nxf6 19. Nxf6 Nxe6 0-1

[Event "Schloss Schney (10.06.-18.06)"]
[Site "?"]
[Date "2005.06.12"]
[Round "3.17"]
[White "Reer Erdmann"]
[Black "Maertin Eberhard"]
[Result "1-0"]
[WhiteElo "1934"]
[BlackElo "1693"]
[PlyCount "71"]
[EventDate "2005.??.??"]
[Source "www.chesslib.no"]
[SourceDate "2004.05.04"]

1. e4 d5 2. exd5 Qxd5 3. Nc3 Qa5 4. d4 e5 5. dxe5 Bb4 6. Bd2 Qxe5+ 7. Be2 Nf6 8. Nf3 Qe7 9. O-O O-O 10. Bd3 Bg4 11. Re1 Qd8 12. a3 Bxc3 13. Bxc3 Nbd7 14. h3 Bxf3 15. Qxf3 c6 16. Rad1 Qc7 17. Bd2 Rfe8 18. Bf4 Qa5 19. b4 Qd8 20. Rxe8+ Qxe8 21. Bf5 Nb6 22. Bg5 Nfd5 23. Qg4 g6 24. Bd3 Nc3 25. Rf1 Nbd5 26. Bd2 Qe5 27. Re1 Qg7 28. Bc4 Qf6 29. Qd7 Nb6 30. Re8+ Rxe8 31. Qxe8+ Kg7 32. Bxc3 Qxc3 33. Qxf7+ Kh6 34. Qf8+ Kg5 35. h4+ Kg4 36. Be2+ 1-0

[Event "France"]
[Site "?"]
[Date "2004.05.01"]
[Round "10"]
[White "Delivre Raphael"]
[Black "Sainet Bertrand"]
[Result "0-1"]
[WhiteElo "1976"]
[BlackElo "1650"]
[PlyCount "64"]
[EventDate "2004.??.??"]
[Source "www.chesslib.no"]
[SourceDate "2004.05.04"]

1. e4 d5 2. exd5 Qxd5 3. Nc3 Qa5 4. d4 e5 5. dxe5 Bb4 6. Nf3 Nc6 7. Bd2 Bg4 8. a3 Nd4 9. axb4 Qxa1 10. Qxa1 Nxc2+ 11. Kd1 Nxa1 12. Bc4 Be6 13. Bxe6 fxe6 14. Nd4 O-O-O 15. Nce2 Ne7 16. Ke1 Nc6 17. Nxe6 Rde8 18. N2d4 Nc2+ 19. Nxc2 Rxe6 20. f4 g5 21. b5 Nxe5 22. fxe5 Rxe5+ 23. Kf2 Rf8+ 24. Kg3 Re2 25. Rd1 Rd8 26. Rf1 Rexd2 27. Ne3 Rxb2 28. Kg4 Rxb5 29. Nf5 Re5 30. Kxg5 Rg8+ 31. Kf6 Rxf5+ 32. Rxf5 Rf8+ 0-1

[Event "Steinfurt"]
[Site "?"]
[Date "2003.11.22"]
[Round "2.2"]
[White "Loecke Christian"]
[Black "Lutterbey Ralf"]
[Result "0-1"]
[WhiteElo "1702"]
[BlackElo "1868"]
[PlyCount "88"]
[EventDate "2003.??.??"]
[Source "www.chesslib.no"]
[SourceDate "2004.05.04"]

1. e4 d5 2. exd5 Qxd5 3. Nc3 Qa5 4. d4 e5 5. Qh5 Nc6 6. Bb5 Bd7 7. Bxc6 Bxc6 8. d5 Bxd5 9. Qxe5+ Ne7 10. Nge2 f6 11. Qh5+ g6 12. Qh3 Nf5 13. O-O O-O-O 14. b3 Kb8 15. Bb2 Bg7 16. Rfd1 h5 17. Nf4 Bf7 18. Rd3 Qe5 19. Nfe2 g5 20. Rad1 Rde8 21. Qf3 a6 22. Rd7 Be6 23. R7d3 Nd6 24. Qe3 Qa5 25. Qd2 Rhg8 26. a4 Qc5 27. Ng3 Bg4 28. Re1 Rxe1+ 29. Qxe1 f5 30. Qd2 h4 31. Rd5 Qb4 32. Nf1 h3 33. Ne3 hxg2 34. Nxg2 Bf3 35. Rd3 Bxc3 36. Bxc3 Qg4 37. Rxf3 Qxf3 38. Be5 Ne4 39. Qd4 Re8 40. Bg7 f4 41. a5 g4 42. Be5 Rxe5 43. Qd8+ Ka7 44. Qd4+ c5 0-1